000 01021naa a22002657a 4500
001 BR6008352
003 BR-BrBNA
005 20250709164605.0
007 ta
008 250630b bl.|||m| |||| 00| 0 por d
040 _aBR-BrBNA
_bpor
_cBiblioteca Nacional de Agricultura
041 _a(Pt)
072 _aH10; H20
_b4050
_bG430
090 _aH10 BR6008352
100 1 _aLaughlin, C.W.
111 1 _a2. Reuniao de Nematologia
_cPiracicaba, SP (Brazil)
_d14 Sep 1976
245 1 _aProblemas relacionados com nematoides e seu controle, em Michigan, USA
500 _aTrabalhos apresentados a 2. Reuniao de Nematologia Piracicaba, SP (Brasil): 1977. p. 25-27 [Summary (En)] (BR6008352-AMS)
773 0 _tTrabalhos apresentados a 2. Reuniao de Nematologia
_wH10 BR6008352
_gPiracicaba, SP (Brasil), 1977. p. 25-27
650 _aNEMATOIDE
650 _aCONTROLE QUIMICO
490 _aPublicacao - Sociedade Brasileira de Nematologia (Brazil)
_vno. 2
942 _cAMS
_2AGRIS
909 _a202506
_bLúcia
_c55
_dLúcia Elande
999 _c332568
_d332568